International management : (Record no. 26659)
[ view plain ]
| 000 -LEADER | |
|---|---|
| fixed length control field | 01213cam a22003495a 4500 |
| 001 - CONTROL NUMBER | |
| control field | 017964189 |
| 003 - CONTROL NUMBER IDENTIFIER | |
| control field | OSt |
| 005 - DATE AND TIME OF LATEST TRANSACTION | |
| control field | 20201128024336.0 |
| 008 - FIXED-LENGTH DATA ELEMENTS--GENERAL INFORMATION | |
| fixed length control field | 160701t2017 enkab frbd 001 0 eng d |
| 015 ## - NATIONAL BIBLIOGRAPHY NUMBER | |
| National bibliography number | GBB6B9018 |
| Source | bnb |
| 016 7# - NATIONAL BIBLIOGRAPHIC AGENCY CONTROL NUMBER | |
| Record control number | 017964189 |
| Source | Uk |
| 020 ## - INTERNATIONAL STANDARD BOOK NUMBER | |
| International Standard Book Number | 9781292153537 (pbk.) |
| 020 ## - INTERNATIONAL STANDARD BOOK NUMBER | |
| International Standard Book Number | 1292153539 (pbk.) |
| 035 ## - SYSTEM CONTROL NUMBER | |
| System control number | (WlAbNL)99669041302419 |
| 035 ## - SYSTEM CONTROL NUMBER | |
| System control number | (StEdALDL)1/3462889 |
| 035 ## - SYSTEM CONTROL NUMBER | |
| System control number | (UkOxU)020613318 |
| 040 ## - CATALOGING SOURCE | |
| Original cataloging agency | UK-WkNB |
| Language of cataloging | eng |
| Transcribing agency | UK-WkNB |
| Modifying agency | WlAbNL |
| -- | Uk |
| -- | EG-ScBUE |
| 082 04 - DEWEY DECIMAL CLASSIFICATION NUMBER | |
| Classification number | 658.049 |
| Item number | DER |
| Edition number | 22 |
| 100 10 - MAIN ENTRY--PERSONAL NAME | |
| Personal name | Deresky, Helen. |
| 9 (RLIN) | 2698 |
| 245 10 - TITLE STATEMENT | |
| Title | International management : |
| Remainder of title | managing across borders and cultures : text and cases / |
| Statement of responsibility, etc | Helen Deresky. |
| 250 ## - EDITION STATEMENT | |
| Edition statement | 9th ed., Global ed. |
| 260 ## - PUBLICATION, DISTRIBUTION, ETC. (IMPRINT) | |
| Place of publication, distribution, etc | Harlow : |
| Name of publisher, distributor, etc | Pearson Education Limited, |
| Date of publication, distribution, etc | c.2017. |
| 300 ## - PHYSICAL DESCRIPTION | |
| Extent | 500 p. : |
| Other physical details | ill. (col.), maps (col.) ; |
| Dimensions | 28 cm. |
| 504 ## - BIBLIOGRAPHY, ETC. NOTE | |
| Bibliography, etc | Includes bibliographical references and index. |
| 650 #7 - SUBJECT ADDED ENTRY--TOPICAL TERM | |
| Topical term or geographic name as entry element | International business enterprises |
| General subdivision | Management. |
| Source of heading or term | BUEsh |
| 650 #7 - SUBJECT ADDED ENTRY--TOPICAL TERM | |
| Topical term or geographic name as entry element | International business enterprises |
| General subdivision | Management |
| Form subdivision | Case studies. |
| Source of heading or term | BUEsh |
| 650 #7 - SUBJECT ADDED ENTRY--TOPICAL TERM | |
| Topical term or geographic name as entry element | Management |
| Form subdivision | Cross-cultural studies. |
| Source of heading or term | BUEsh |
| 9 (RLIN) | 29351 |
| 651 ## - SUBJECT ADDED ENTRY--GEOGRAPHIC NAME | |
| Source of heading or term | BUEsh |
| 653 ## - INDEX TERM--UNCONTROLLED | |
| Resource For college | BAEPS, Business Administration |
| Arrived date list | May2018 |
| 655 ## - INDEX TERM--GENRE/FORM | |
| Form subdivision | Text book |
| -- | 33728 |
| 942 ## - ADDED ENTRY ELEMENTS (KOHA) | |
| Source of classification or shelving scheme | Dewey Decimal Classification |
| Withdrawn status | Item status | Source of classification or shelving scheme | Damaged status | Not for loan | Vendor | Home library | Current library | Shelving location | Date acquired | Source of acquisition | Total Checkouts | Full call number | Barcode | Date last seen | Koha item type | Total Renewals | Date last borrowed |
|---|---|---|---|---|---|---|---|---|---|---|---|---|---|---|---|---|---|
| Dewey Decimal Classification | Baccah | Central Library | Central Library | First floor | 08/05/2018 | Purchase | 658.049 DER | 000043379 | 15/07/2025 | NB - Book (Non borrowing) | |||||||
| Dewey Decimal Classification | Baccah | Central Library | Central Library | First floor | 08/05/2018 | Purchase | 658.049 DER | 000043380 | 15/07/2025 | NB - Book (Non borrowing) | |||||||
| Dewey Decimal Classification | Baccah | Central Library | Central Library | First floor | 08/05/2018 | Purchase | 7 | 658.049 DER | 000043381 | 15/07/2025 | Book - Borrowing | 19 | 20/02/2024 | ||||
| Dewey Decimal Classification | Baccah | Central Library | Central Library | First floor | 08/05/2018 | Purchase | 5 | 658.049 DER | 000043382 | 15/07/2025 | Book - Borrowing | 12 | 25/01/2023 | ||||
| Dewey Decimal Classification | Baccah | Central Library | Central Library | First floor | 08/05/2018 | Purchase | 3 | 658.049 DER | 000043383 | 15/07/2025 | Book - Borrowing | 3 | 21/02/2022 |